Missing Word: Luke Wilson Quiz Stats

Quiz Updated Jan 9, 2013

Challenge
Share
Tweet
Embed
Score 0/16 Timer 02:00
0 Plays Today
Movie Missing Word % Correct
The ______ TenenbaumsRoyal
81.6%
______ BlondeLegally
78.8%
Anchorman: The ______ of Ron BurgundyLegend
78.1%
______ at a FuneralDeath
74.6%
My ______ SkipDog
71.7%
My ______ Ex-GirlfriendSuper
65.2%
Old ______School
53.8%
______ StreakBlue
43.9%
Movie Missing Word % Correct
______ FriesHome
43.3%
Bottle ______Rocket
41.7%
The ______ StoneFamily
36%
______ AngelsCharlie's
29.8%
Alex & ______Emma
15.4%
Middle ______Men
12.2%
You ______ MeKill
7.3%
The Wendell ______ StoryBaker
7%

Today's Daily Dose

You're not logged in!

Compare scores with friends on all Sporcle quizzes.
Join for Free
OR
Log In

You Might Also Like...

Show Comments

Extras

Top Quizzes Today


Score Distribution

Your Account Isn't Verified!

In order to create a playlist on Sporcle, you need to verify the email address you used during registration. Go to your Sporcle Settings to finish the process.

Report this User

Report this user for behavior that violates our Community Guidelines.

Details: